000 01292nam a2200337Ia 4500
001 ebr10058419
003 CaPaEBR
006 m u
007 cr cn|||||||||
008 930917s1994 enk sb 001 0 eng d
010 _z 93037852
020 _z0203425715
020 _z0415104246
020 _z0415104254 (pbk.)
040 _aCaPaEBR
_cCaPaEBR
035 _a(OCoLC)52418679
050 1 4 _aRC530
_b.P43 1994eb
082 0 4 _a616.89/162
_220
100 1 _aPedersen, David L.
_q(David Lawrence),
_d1925-
245 1 0 _aCameral analysis
_h[electronic resource] :
_ba method of treating the psychoneuroses using hypnosis /
_cDavid L. Pedersen.
260 _aLondon ;
_aNew York :
_bRoutledge,
_c1994.
300 _axv, 222 p.
504 _aIncludes bibliographical references and indexes.
533 _aElectronic reproduction.
_bPalo Alto, Calif. :
_cebrary,
_d2009.
_nAvailable via World Wide Web.
_nAccess may be limited to ebrary affiliated libraries.
650 0 _aNeuroses
_xTreatment.
650 0 _aHypnotism
_xTherapeutic use.
650 0 _aCerebral dominance.
655 7 _aElectronic books.
_2local
710 2 _aebrary, Inc.
856 4 0 _uhttp://site.ebrary.com/lib/rucke/Doc?id=10058419
_zAn electronic book accessible through the World Wide Web; click to view
999 _c69376
_d69376